[Event "16. Copenhagen Open"]
[Site "Copenhagen"]
[Date "1994.??.??"]
[Round "10"]
[White "Mortensen, Erling"]
[Black "Baburin, Alexander"]
[Result "1/2-1/2"]
[WhiteElo "2470"]
[BlackElo "2520"]
[PlyCount "227"]
[EventDate "1994.??.??"]
[EventType "swiss"]
[EventRounds "10"]
[EventCountry "DEN"]
[SourceDate "2004.01.01"]

1. e4 Nf6 2. e5 Nd5 3. d4 d6 4. c4 Nb6 5. exd6 cxd6 6. a4 a5 7. Nc3 g6 8. Be3
Bg7 9. Rc1 O-O 10. Nf3 Bg4 11. b3 d5 12. Nb5 dxc4 13. bxc4 Nc6 14. Be2 e5 15.
d5 Nb4 16. O-O Rc8 17. d6 Bxf3 18. Bxf3 Nxc4 19. d7 Rc6 20. Ba7 Nb2 21. Qd2
N2d3 22. Bxc6 bxc6 23. Rxc6 Nxc6 24. Qxd3 Nd4 25. Bc5 Qxd7 26. Bxf8 Bxf8 27.
Nxd4 exd4 28. Qb5 Qc7 29. g3 Bb4 30. Rd1 Bc3 31. Rb1 Kg7 32. Qd5 Qe7 33. Kg2 h5
34. Rb7 Qf6 35. h4 Bb4 36. Rd7 Bc3 37. f4 Kg8 38. Kf3 Kg7 39. Ke4 Be1 40. Kf3
Bc3 41. g4 hxg4+ 42. Kxg4 Be1 43. Qe5 Bc3 44. Kf3 Qxe5 45. fxe5 Kf8 46. Ke4 Ke8
47. Ra7 Kf8 48. Kd3 Kg8 49. Rd7 Kf8 50. Rc7 Bb2 51. Ke4 Kg8 52. Rc5 Bc3 53.
Rc8+ Kg7 54. Kd3 Bb2 55. Rd8 Bc3 56. Ke4 Bb2 57. Rc8 Bc3 58. Rc7 Kf8 59. e6
fxe6 60. Ke5 Be1 61. Rd7 Bxh4 62. Kxe6 d3 63. Rxd3 Kg7 64. Rd7+ Kh6 65. Kf7 g5
66. Kf6 Be1 67. Kf5 Bb4 68. Rc7 g4 69. Rc6+ Kg7 70. Kxg4 Kf7 71. Kf5 Ke7 72.
Ke5 Kd7 73. Kd5 Ba3 74. Rc2 Bb4 75. Rh2 Kc7 76. Rh7+ Kb6 77. Rh6+ Kb7 78. Kc4
Kc7 79. Kb5 Bd2 80. Rc6+ Kd7 81. Rc4 Bb4 82. Kb6 Kd6 83. Rd4+ Ke5 84. Rd8 Ke6
85. Kc6 Ke5 86. Rd3 Ke4 87. Rd5 Bc3 88. Rh5 Kd4 89. Rh4+ Ke5 90. Rh1 Kd4 91.
Kb5 Bb4 92. Rd1+ Ke5 93. Rd8 Ke6 94. Kc6 Ke5 95. Rh8 Bc3 96. Rh5+ Kd4 97. Rh4+
Ke5 98. Rc4 Bb4 99. Rc1 Ke6 100. Rd1 Ke5 101. Rd3 Ke4 102. Rd5 Bc3 103. Kd6
Bb4+ 104. Ke6 Bc3 105. Rd1 Bb4 106. Kd7 Ke5 107. Kc6 Ke6 108. Kb5 Ke5 109. Kc4
Ke6 110. Rd5 Be1 111. Kd4 Bc3+ 112. Kc4 Be1 113. Rd1 Bb4 114. Kd3 1/2-1/2

[Event "16. Copenhagen Open"]
[Site "Copenhagen"]
[Date "1994.??.??"]
[Round "10"]
[White "Nielsen, Soren Holst"]
[Black "Andersen, Martin"]
[Result "1/2-1/2"]
[WhiteElo "2225"]
[BlackElo "2030"]
[PlyCount "89"]
[EventDate "1994.??.??"]
[EventType "swiss"]
[EventRounds "10"]
[EventCountry "DEN"]
[SourceDate "2004.01.01"]

1. e4 e5 2. Nc3 Nf6 3. g3 d5 4. exd5 Nxd5 5. Bg2 Nxc3 6. bxc3 Be7 7. Ne2 Nc6 8.
Rb1 O-O 9. O-O Bc5 10. Kh1 Re8 11. d3 Bb6 12. Ba3 Be6 13. c4 Rb8 14. Nc3 Nd4
15. Ne4 f5 16. Nd2 c5 17. f4 exf4 18. gxf4 Qd6 19. c3 Nc6 20. Nb3 Rbd8 21. d4
Bxc4 22. Rf2 Qf6 23. Bxc5 Bxc5 24. Nxc5 b6 25. Nd3 Nxd4 26. cxd4 Rxd4 27. Rd2
Red8 28. Rb3 Qd6 29. Bf1 Bxb3 30. Qxb3+ Qd5+ 31. Qxd5+ R8xd5 32. Rc2 Rxd3 33.
Bxd3 Rxd3 34. Rc8+ Kf7 35. Rc7+ Kf6 36. Rxa7 b5 37. Ra6+ Kf7 38. Rb6 Rd1+ 39.
Kg2 Rd2+ 40. Kg3 Rxa2 41. Rxb5 Kg6 42. Rb6+ Kh5 43. Rb7 Ra1 44. Kg2 Kh6 45.
Rb6+ 1/2-1/2

[Event "16. Copenhagen Open"]
[Site "Copenhagen"]
[Date "1994.??.??"]
[Round "10"]
[White "Petersen, Steen"]
[Black "Mortensen, Henrik"]
[Result "1/2-1/2"]
[WhiteElo "2085"]
[BlackElo "2150"]
[PlyCount "34"]
[EventDate "1994.??.??"]
[EventType "swiss"]
[EventRounds "10"]
[EventCountry "DEN"]
[SourceDate "2004.01.01"]

1. d4 Nf6 2. Nf3 c5 3. c3 e6 4. Bf4 Be7 5. e3 O-O 6. Bd3 b6 7. Nbd2 d5 8. Qe2
Bb7 9. h3 Ne4 10. g4 Nd7 11. h4 a6 12. g5 b5 13. Nh2 c4 14. Bxe4 dxe4 15. Qg4
Rc8 16. h5 b4 17. Nb1 e5 1/2-1/2

[Event "16. Copenhagen Open"]
[Site "Copenhagen"]
[Date "1994.??.??"]
[Round "10"]
[White "Petersen, Sren Boeck"]
[Black "Furhoff, Johan"]
[Result "1-0"]
[WhiteElo "2235"]
[BlackElo "2320"]
[PlyCount "53"]
[EventDate "1994.??.??"]
[EventType "swiss"]
[EventRounds "10"]
[EventCountry "DEN"]
[SourceDate "2004.01.01"]

1. e4 e5 2. Nf3 Nc6 3. Bc4 Be7 4. d4 exd4 5. Nxd4 d6 6. O-O Nf6 7. Nc3 O-O 8.
b3 Re8 9. Bb2 Bf8 10. Nxc6 bxc6 11. Qd4 Bb7 12. Rae1 d5 13. exd5 cxd5 14. Rxe8
Qxe8 15. Nxd5 Bxd5 16. Bxd5 Rd8 17. c4 Qe2 18. Bxf7+ Kxf7 19. Qxd8 Qxb2 20.
Qxc7+ Kg6 21. c5 Qd4 22. Qg3+ Kf7 23. c6 Bd6 24. Qf3 h5 25. Rd1 Qc5 26. g3 Bc7
27. Rd7+ 1-0

[Event "16. Copenhagen Open"]
[Site "Copenhagen"]
[Date "1994.??.??"]
[Round "10"]
[White "Preuss, Flemming"]
[Black "Nielsen, Lars Aaes"]
[Result "1/2-1/2"]
[WhiteElo "2020"]
[BlackElo "2220"]
[PlyCount "116"]
[EventDate "1994.??.??"]
[EventType "swiss"]
[EventRounds "10"]
[EventCountry "DEN"]
[SourceDate "2004.01.01"]

1. f4 Nf6 2. Nf3 c5 3. d3 d5 4. g3 b6 5. Bg2 Bb7 6. O-O Nc6 7. Nc3 g6 8. e4
dxe4 9. dxe4 Nb4 10. Qe2 Ba6 11. Nb5 Nxc2 12. Qxc2 Bxb5 13. Rd1 Qc8 14. e5 Ng4
15. e6 fxe6 16. Ng5 Bc6 17. Bh3 e5 18. Qe2 h5 19. fxe5 Bg7 20. Bf4 Bb7 21. Qc4
Qf5 22. Qb5+ Kf8 23. Rd7 Bxe5 24. Bxg4 hxg4 25. Rf1 Bf6 26. Qc4 Bxg5 27. Bxg5
Bf3 28. Rxe7 Re8 29. Qc3 Rg8 30. Rfe1 Rxe7 31. Bxe7+ Kf7 32. Qe3 Re8 33. Qh6
Kg8 34. Qe3 Kh7 35. Qc3 Qd5 36. Kf2 Bh1 37. Re5 Qg2+ 38. Ke3 Qg1+ 39. Kf4 Qd4+
40. Kg5 Qxc3 41. bxc3 Bc6 42. Kf6 Bb5 43. a3 Bd7 44. Kf7 Rc8 45. Bf6 Ba4 46.
Re4 Rc7+ 47. Be7 Bb3+ 48. Ke8 Bd1 49. Kd8 Bf3 50. Rf4 Rb7 51. h4 Bc6 52. Rf6
Rd7+ 53. Ke8 Rd6+ 54. Kf8 Rxf6+ 55. Bxf6 c4 56. Ke7 Ba4 57. Bd4 b5 58. Bxa7 Bc2
1/2-1/2

[Event "16. Copenhagen Open"]
[Site "Copenhagen"]
[Date "1994.??.??"]
[Round "10"]
[White "Schreiber, Edwin"]
[Black "Costello, Colin"]
[Result "0-1"]
[WhiteElo "2025"]
[BlackElo "2160"]
[PlyCount "96"]
[EventDate "1994.??.??"]
[EventType "swiss"]
[EventRounds "10"]
[EventCountry "DEN"]
[SourceDate "2004.01.01"]

1. e4 e6 2. d4 d5 3. Nc3 Bb4 4. e5 c5 5. a3 Bxc3+ 6. bxc3 Qc7 7. Qg4 f6 8. Nf3
Nc6 9. Bb5 Qf7 10. Bxc6+ bxc6 11. O-O Ne7 12. Rb1 Ng6 13. Re1 O-O 14. h4 fxe5
15. dxe5 Qf5 16. Qxf5 Rxf5 17. a4 Ba6 18. Ba3 Nf4 19. Bxc5 Ne2+ 20. Kh2 Nxc3
21. Nd4 Rf4 22. Nxe6 Rxh4+ 23. Kg3 Rxa4 24. Nc7 Rc8 25. Bd6 Nxb1 26. Rxb1 Bb5
27. Re1 Re4 28. Rxe4 dxe4 29. Kf4 Bf1 30. e6 Bxg2 31. e7 Kf7 32. Ke5 Rxc7 33.
e8=Q+ Kxe8 34. Bxc7 Kd7 35. Bd6 h5 36. Bf8 h4 37. Kf4 g5+ 38. Kg4 Bf3+ 39. Kh3
Ke6 40. Bc5 a5 41. Be3 Kf5 42. c4 a4 43. Bc1 Bg4+ 44. Kh2 Be2 45. c5 g4 46. Kg2
Ke5 47. Ba3 Kd4 48. Kh2 Kc4 0-1

[Event "16. Copenhagen Open"]
[Site "Copenhagen"]
[Date "1994.??.??"]
[Round "10"]
[White "Stefansson, Hannes"]
[Black "Maksimenko, Andrei"]
[Result "1-0"]
[WhiteElo "2525"]
[BlackElo "2475"]
[PlyCount "65"]
[EventDate "1994.??.??"]
[EventType "swiss"]
[EventRounds "10"]
[EventCountry "DEN"]
[SourceDate "2004.01.01"]

1. e4 e5 2. Nf3 Nf6 3. d4 Nxe4 4. Bd3 d5 5. Nxe5 Nd7 6. Nxd7 Bxd7 7. Bf4 Qh4 8.
Bxe4 Qxf4 9. Bxd5 O-O-O 10. g3 Qg5 11. Bg2 Bg4 12. f3 Qe3+ 13. Qe2 Bb4+ 14. c3
Qxd4 15. Kf1 Qf6 16. Nd2 Bf5 17. Ne4 Bxe4 18. Qxe4 Bc5 19. Qc4 Qb6 20. b4 Be3
21. Re1 Rd2 22. Re2 Rd1+ 23. Re1 Rd2 24. Re2 Rd1+ 25. Re1 Rhd8 26. f4 a5 27.
Bf3 Rxe1+ 28. Kxe1 axb4 29. cxb4 Rd2 30. Be2 Qd6 31. Kf1 Rd4 32. Qxf7 Qc6 33.
Qf8+ 1-0

[Event "16. Copenhagen Open"]
[Site "Copenhagen"]
[Date "1994.??.??"]
[Round "10"]
[White "Steinbacher, Matthias"]
[Black "Bogdanov, Dimitri"]
[Result "1-0"]
[WhiteElo "2390"]
[BlackElo "2090"]
[PlyCount "67"]
[EventDate "1994.??.??"]
[EventType "swiss"]
[EventRounds "10"]
[EventCountry "DEN"]
[SourceDate "2004.01.01"]

1. e4 g6 2. Nc3 Bg7 3. g3 d6 4. Bg2 c5 5. Nge2 Nc6 6. O-O Nf6 7. d4 cxd4 8.
Nxd4 Bg4 9. f3 Bd7 10. Be3 O-O 11. Qd2 a6 12. Nd5 Nxd5 13. exd5 Ne5 14. b3 Rc8
15. h3 Be8 16. f4 Nd7 17. c4 Nc5 18. b4 Na4 19. Rac1 Nb6 20. Qd3 Bd7 21. Kh2
Qc7 22. c5 dxc5 23. bxc5 Na4 24. c6 bxc6 25. dxc6 Bf5 26. Qxa6 Ra8 27. Qb7 Qd6
28. Nxf5 gxf5 29. c7 Rac8 30. Rfd1 Qa3 31. Qxc8 Rxc8 32. Rd8+ Bf8 33. Rxc8 Qxe3
34. Rxf8+ 1-0

[Event "16. Copenhagen Open"]
[Site "Copenhagen"]
[Date "1994.??.??"]
[Round "10"]
[White "Stojanovski, Sandi"]
[Black "Roder, Peter"]
[Result "1/2-1/2"]
[WhiteElo "2260"]
[BlackElo "2205"]
[PlyCount "75"]
[EventDate "1994.??.??"]
[EventType "swiss"]
[EventRounds "10"]
[EventCountry "DEN"]
[SourceDate "2004.01.01"]

1. Nf3 g6 2. c4 Bg7 3. Nc3 c5 4. g3 Nc6 5. Bg2 e6 6. O-O Nge7 7. d3 d5 8. a3
O-O 9. Rb1 a6 10. Bf4 b5 11. cxb5 axb5 12. Nxb5 e5 13. Bg5 h6 14. Bd2 e4 15.
Ne1 f5 16. dxe4 fxe4 17. Be3 Ba6 18. a4 Bxb5 19. axb5 Nd4 20. b4 Ra2 21. Bxd4
cxd4 22. b6 Kh7 23. Ra1 Rxa1 24. Qxa1 d3 25. Qa2 dxe2 26. Qxe2 Qxb6 27. Nc2 Nc6
28. Rd1 Rd8 29. Ne3 Nxb4 30. h4 Nd3 31. h5 Bd4 32. Rxd3 exd3 33. Qxd3 Bxe3 34.
hxg6+ Qxg6 35. Qxe3 Qf6 36. Bf1 d4 37. Bd3+ Kh8 38. Qe4 1/2-1/2

[Event "16. Copenhagen Open"]
[Site "Copenhagen"]
[Date "1994.??.??"]
[Round "10"]
[White "Strange, Mikkel"]
[Black "Mortensen, Beatrix"]
[Result "1/2-1/2"]
[WhiteElo "2155"]
[BlackElo "2100"]
[PlyCount "59"]
[EventDate "1994.??.??"]
[EventType "swiss"]
[EventRounds "10"]
[EventCountry "DEN"]
[SourceDate "2004.01.01"]

1. c4 e5 2. Nc3 Nc6 3. Nf3 Nf6 4. d4 exd4 5. Nxd4 d6 6. g3 Ne5 7. Bg2 c6 8. b3
Be7 9. O-O O-O 10. h3 Re8 11. e4 Bf8 12. Re1 g6 13. Bg5 h6 14. Be3 Kh7 15. Kh2
Qc7 16. Qd2 a6 17. Rac1 c5 18. Nde2 Bd7 19. Nf4 Bc6 20. Ncd5 Nxd5 21. Nxd5 Bxd5
22. Qxd5 Nc6 23. Rcd1 Rad8 24. f4 Bg7 25. e5 dxe5 26. Qxc5 exf4 27. Bxf4 Qc8
28. h4 Rxd1 29. Rxd1 Qg4 30. Rd2 1/2-1/2

[Event "16. Copenhagen Open"]
[Site "Copenhagen"]
[Date "1994.??.??"]
[Round "10"]
[White "Sobjerg, Erik"]
[Black "Sinkbk, Aage"]
[Result "1-0"]
[WhiteElo "2265"]
[BlackElo "2220"]
[PlyCount "73"]
[EventDate "1994.??.??"]
[EventType "swiss"]
[EventRounds "10"]
[EventCountry "DEN"]
[SourceDate "2004.01.01"]

1. e4 d5 2. exd5 Qxd5 3. Nc3 Qa5 4. Nf3 Nf6 5. d4 Bf5 6. Ne5 c6 7. Bc4 e6 8. g4
Be4 9. O-O Bd5 10. Bd3 Nbd7 11. f4 h6 12. Be3 h5 13. g5 Ng4 14. Nxg4 hxg4 15.
Qxg4 g6 16. a3 Bd6 17. Ne4 Bxe4 18. Bxe4 O-O-O 19. c4 Rh7 20. b4 Qa4 21. Bg2
Qb3 22. Qe2 Rdh8 23. Rfb1 Qa4 24. b5 Rxh2 25. c5 Bc7 26. Rb4 Qa5 27. bxc6 bxc6
28. Bd2 Kd8 29. Rb8+ Nxb8 30. Bxa5 Bxa5 31. Rb1 Bc7 32. Rb7 a6 33. Qb2 Kc8 34.
Ra7 Bxf4 35. Qb7+ Kd8 36. Qe7+ Kc8 37. Bxc6 1-0

[Event "16. Copenhagen Open"]
[Site "Copenhagen"]
[Date "1994.??.??"]
[Round "10"]
[White "Sorensen, Henrik"]
[Black "Petersen, Nils"]
[Result "1/2-1/2"]
[WhiteElo "2245"]
[BlackElo "2005"]
[PlyCount "106"]
[EventDate "1994.??.??"]
[EventType "swiss"]
[EventRounds "10"]
[EventCountry "DEN"]
[SourceDate "2004.01.01"]

1. d4 d5 2. Bf4 Nf6 3. e3 Bf5 4. Bd3 Bxd3 5. Qxd3 c6 6. Nd2 e6 7. Ngf3 Bd6 8.
Bg3 Bxg3 9. hxg3 h6 10. e4 dxe4 11. Nxe4 Nxe4 12. Qxe4 Nd7 13. O-O Nf6 14. Qe2
O-O 15. c4 Qc7 16. Rfd1 Rfd8 17. Rd3 c5 18. Rad1 cxd4 19. Rxd4 Rxd4 20. Rxd4
Rd8 21. Qd3 Rxd4 22. Qxd4 Qd7 23. Qxd7 Nxd7 24. Kf1 Kf8 25. Ke2 Ke7 26. b4 Kd6
27. Kd3 e5 28. Nd2 f5 29. a4 b6 30. Nb3 h5 31. a5 g5 32. axb6 axb6 33. f3 Nf6
34. Nd2 Nd7 35. Ke3 Nb8 36. g4 hxg4 37. fxg4 Ke6 38. gxf5+ Kxf5 39. Kf3 g4+ 40.
Ke3 Na6 41. b5 Nc5 42. g3 e4 43. Nb1 Nd7 44. Nc3 Ne5 45. Kd4 Nf3+ 46. Kd5 e3
47. c5 bxc5 48. b6 Ne5 49. b7 Nd7 50. Kd6 Nb8 51. Kxc5 Ke5 52. Kc4 Na6 53. Kd3
Nc5+ 1/2-1/2

[Event "16. Copenhagen Open"]
[Site "Copenhagen"]
[Date "1994.??.??"]
[Round "10"]
[White "Varberg, Kenneth"]
[Black "Auchenberg, Per"]
[Result "0-1"]
[WhiteElo "2260"]
[BlackElo "2160"]
[PlyCount "112"]
[EventDate "1994.??.??"]
[EventType "swiss"]
[EventRounds "10"]
[EventCountry "DEN"]
[SourceDate "2004.01.01"]

1. c4 b6 2. Nc3 Bb7 3. e4 e6 4. Nf3 Bb4 5. Qb3 a5 6. a3 Bxc3 7. Qxc3 Bxe4 8.
Qxg7 Qf6 9. Qxf6 Nxf6 10. Be2 Rg8 11. d3 Bb7 12. O-O d6 13. g3 Nbd7 14. Bd2 Nc5
15. Bc3 Nh5 16. h4 Nf4 17. Bd1 Nfxd3 18. Ng5 Ke7 19. Bc2 h6 20. Nh3 Ne5 21.
Rfc1 Nf3+ 22. Kf1 Nxh4 23. Nf4 Nf3 24. Ke2 Ne5 25. b4 axb4 26. axb4 Ne4 27.
Bxe4 Bxe4 28. c5 Nd7 29. Ke3 Bb7 30. cxd6+ cxd6 31. Nd3 Rxa1 32. Bxa1 Rg4 33.
Rc7 Re4+ 34. Kd2 Ba6 35. Bc3 e5 36. Ra7 Bxd3 37. Kxd3 Rg4 38. Be1 d5 39. f3
Rd4+ 40. Ke3 Rc4 41. Bd2 h5 42. Kd3 f6 43. Ra8 h4 44. g4 e4+ 45. fxe4 Ne5+ 46.
Ke2 Rxe4+ 47. Kf1 Rxg4 48. Rb8 Nc4 49. Bh6 Ke6 50. Kf2 h3 51. Re8+ Kf5 52. Re1
Rg2+ 53. Kf1 Ne5 54. Re3 Kg4 55. Bg7 Nc4 56. Rd3 Nd2+ 0-1